| 000 | 00505nam a22001817a 4500 | ||
|---|---|---|---|
| 999 |
_c15064 _d15064 |
||
| 003 | AR-CdUCM | ||
| 008 | 190425b ||||| |||| 00| 0 spa d | ||
| 040 |
_aMUNICIPALIDAD PROVINCIAL DEL CUSCO _cBIBLIOTECA MUNICIPAL DEL CUSCO |
||
| 082 |
_aC / 051.869 / _bM587 |
||
| 100 |
_aRosas Paravicino, Enrique _9417 |
||
| 245 | _aMetáfora sur 1 / | ||
| 260 |
_aCusco : _c1990. |
||
| 300 |
_a15 páginas ; _c20 cm. |
||
| 505 | _aPoesía. | ||
| 650 |
_apoesía. _934076 |
||
| 942 |
_2ddc _cFOLLETOS |
||
| 945 | _awfj | ||